[Event "AUTO-OPEN-2697"]
[Site "http://www.queenalice.com/game.php?id=1064796"]
[Date "2012.5.27"]
[Round "1"]
[White "echo92"]
[Black "CapitanFerrini"]
[Result "1-0"]
[WhiteElo "2040"]
[BlackElo "2169"]

1. e4 e5 2. Bc4 Bc5 3. Nf3 Nc6 4. Nc3 d6 5. d3 Nf6 6. Bg5 h6 7. Bxf6 Qxf6 8. Nd5
Qd8 9. c3 O-O 10. d4 exd4 11. cxd4 Bb6 12. O-O Bg4 13. Nxb6 axb6 14. d5 Ne5 15.
Be2 Bxf3 16. Bxf3 Re8 17. a3 Ra5 18. Be2 Qa8 19. Rc1 g5 20. Rxc7 Rc8 21. Qc2 1-0

[Event "AUTO-MASTER-1662"]
[Site "http://www.queenalice.com/game.php?id=1065260"]
[Date "2012.5.29"]
[Round "1"]
[White "CapitanFerrini"]
[Black "carloswecker"]
[Result "1-0"]
[WhiteElo "2184"]
[BlackElo "1992"]

1. e4 c5 2. Nf3 d6 3. d4 cxd4 4. Nxd4 g6 5. c4 Bg7 6. Nc3 Nc6 7. Be3 e6 8. Ndb5
Nge7 9. Nxd6+ Kf8 10. c5 a6 11. Na4 Bd7 12. Nb6 Rb8 13. Ndc4 Be8 14. Qd6 1-0

[Event "AUTO-MASTER-1662"]
[Site "http://www.queenalice.com/game.php?id=1065261"]
[Date "2012.5.29"]
[Round "1"]
[White "carloswecker"]
[Black "CapitanFerrini"]
[Result "1/2-1/2"]
[WhiteElo "1951"]
[BlackElo "2159"]

1. d4 d5 2. c4 e6 3. Nc3 Nf6 4. Nf3 c5 5. cxd5 Nxd5 6. e4 Nxc3 7. bxc3 cxd4 8.
cxd4 Bb4+ 9. Bd2 Bxd2+ 10. Qxd2 O-O 11. Bc4 Nd7 12. O-O b6 13. d5 Nf6 14. dxe6
Bxe6 15. Bxe6 Qxd2 16. Bxf7+ Rxf7 17. Nxd2 Rd8 18. Nb3 Nxe4 19. f3 Nc3 20. Rfe1
Rfd7 21. a4 a5 1/2-1/2

[Event "AUTO-MASTER-1662"]
[Site "http://www.queenalice.com/game.php?id=1065262"]
[Date "2012.5.29"]
[Round "1"]
[White "CapitanFerrini"]
[Black "vivafischer"]
[Result "0-1"]
[WhiteElo "2169"]
[BlackElo "2250"]

1. e4 e5 2. Nf3 Nc6 3. Bb5 a6 4. Ba4 Nf6 5. O-O Nxe4 6. d4 b5 7. Bb3 d5 8. dxe5
Be6 9. c3 Bc5 10. Nbd2 O-O 11. Qe2 Nxd2 12. Bxd2 Ne7 13. Nd4 Bb6 14. Bc2 c5 15.
Qh5 g6 16. Qh6 cxd4 17. a4 Bf5 18. Bg5 Bxc2 0-1

[Event "AUTO-MASTER-1662"]
[Site "http://www.queenalice.com/game.php?id=1065263"]
[Date "2012.5.29"]
[Round "1"]
[White "vivafischer"]
[Black "CapitanFerrini"]
[Result "1-0"]
[WhiteElo "2259"]
[BlackElo "2156"]

1. e4 c5 2. Nc3 Nc6 3. f4 g6 4. Nf3 Bg7 5. Bc4 d6 6. O-O Nf6 7. d3 O-O 8. Qe1 e6
9. a3 Nd4 10. Nxd4 cxd4 11. Nd1 Bd7 12. Qh4 d5 13. exd5 Nxd5 14. Qg3 Bc6 15. Bd2
Ne7 16. Qe1 Nf5 17. Nf2 b5 18. Bb3 a5 19. Ne4 Re8 20. g4 Ne3 21. Bxe3 dxe3 22.
Rb1 Bd5 23. Bxd5 Qxd5 24. g5 Rf8 25. Qxe3 Bd4 26. Nf6+ Kg7 27. Nxd5 1-0

[Event "AUTO-MASTER-1662"]
[Site "http://www.queenalice.com/game.php?id=1065264"]
[Date "2012.5.29"]
[Round "1"]
[White "CapitanFerrini"]
[Black "Rutty"]
[Result "1-0"]
[WhiteElo "2172"]
[BlackElo "2051"]

1. e4 c5 2. Nf3 Nc6 3. Bb5 d6 4. O-O a6 5. Bxc6+ bxc6 6. d4 cxd4 7. Qxd4 Bb7 8.
Nc3 Nf6 9. e5 Nd5 10. Nxd5 cxd5 11. exd6 Qxd6 12. Bf4 Qd8 13. Ne5 Qa5 14. Bd2
Qd8 15. Qa4+ 1-0

[Event "AUTO-MASTER-1662"]
[Site "http://www.queenalice.com/game.php?id=1065265"]
[Date "2012.5.29"]
[Round "1"]
[White "Rutty"]
[Black "CapitanFerrini"]
[Result "1-0"]
[WhiteElo "2030"]
[BlackElo "2190"]

1. d4 d5 2. c4 e6 3. cxd5 exd5 4. Nf3 c5 5. e3 Nc6 6. Bb5 Nf6 7. h3 cxd4 8. Nxd4
Bd7 9. O-O Bd6 10. Bxc6 bxc6 11. Nc3 Qe7 12. b3 Qe5 13. f4 Qe7 14. Qf3 O-O 15.
Bb2 Be6 16. Nxc6 Qe8 17. Nd4 Kh8 18. Rad1 h6 19. f5 Bd7 20. Nde2 Rc8 21. Nxd5
Bc6 22. Bxf6 1-0

[Event "favazza2007"]
[Site "http://www.queenalice.com/game.php?id=1065753"]
[Date "2012.5.29"]
[Round "3"]
[White "favazza2007"]
[Black "CapitanFerrini"]
[Result "0-1"]
[WhiteElo "1889"]
[BlackElo "2159"]

1. d4 Nf6 2. c4 d6 3. b4 e5 4. Bg5 exd4 5. Qxd4 Be7 6. Nf3 O-O 7. e3 h6 8. Bh4
Bf5 9. Nbd2 g5 10. Bg3 Nc6 11. Qb2 Nd7 12. Rd1 Bf6 13. Qb3 a5 14. a3 g4 15. Nd4
Nxd4 16. exd4 Re8+ 17. Be2 axb4 18. axb4 Bxd4 19. Kf1 Qe7 20. Bd3 Ra2 21. Bxf5
Qe2+ 22. Kg1 Rxd2 23. Rf1 Re3 24. Qxe3 Bxe3 25. Bxg4 Qxg4 26. fxe3 Ne5 27. Rf4
Qd1+ 28. Rf1 Qe2 29. Bf2 Rd1 30. h3 Qxf1+ 31. Kh2 Qxh1+ 32. Kg3 Qf1 0-1

[Event "AUTO-OPEN-2700"]
[Site "http://www.queenalice.com/game.php?id=1065784"]
[Date "2012.5.30"]
[Round "1"]
[White "carloswecker"]
[Black "CapitanFerrini"]
[Result "1/2-1/2"]
[WhiteElo "1957"]
[BlackElo "2153"]

1. d4 Nf6 2. c4 e6 3. Nc3 Bb4 4. e3 b6 5. Nf3 Bb7 6. Bd3 O-O 7. O-O d5 8. cxd5
exd5 9. Qb3 c5 10. dxc5 Bxc5 11. Nd4 Nc6 12. Nce2 Ne5 13. Bf5 g6 14. Bh3 Ne4 15.
Ng3 Qf6 16. Nxe4 dxe4 17. Bd2 Ba6 18. Rfe1 g5 19. f4 exf3 20. Nxf3 Nxf3+ 21.
gxf3 Rad8 22. Qc2 Qxf3 23. Bg2 Qg4 24. Kh1 Bd3 25. Qd1 Qh4 26. Qf3 Bd6 27. h3
Qh6 28. Bc3 Be7 29. Rad1 Bb5 30. Rxd8 Rxd8 31. Rd1 Rxd1+ 1/2-1/2

[Event "AUTO-OPEN-2700"]
[Site "http://www.queenalice.com/game.php?id=1065785"]
[Date "2012.5.30"]
[Round "1"]
[White "CapitanFerrini"]
[Black "carloswecker"]
[Result "1-0"]
[WhiteElo "2153"]
[BlackElo "1960"]

1. e4 c5 2. c3 g6 3. Nf3 Bg7 4. d4 cxd4 5. cxd4 e6 6. Nc3 Ne7 7. Bd3 Nbc6 8. O-O
O-O 9. d5 exd5 10. exd5 Ne5 11. d6 Nxf3+ 12. Qxf3 Nc6 13. Nd5 Ne5 14. Qe4 Nxd3
15. Qxd3 a6 16. Be3 b5 17. Ne7+ Kh8 18. Rac1 Bb7 19. Rc7 Bc6 20. Bd4 f6 21. Rd1
Rf7 22. Nxc6 1-0

[Event "AUTO-OPEN-2700"]
[Site "http://www.queenalice.com/game.php?id=1065806"]
[Date "2012.5.30"]
[Round "1"]
[White "CapitanFerrini"]
[Black "Constante"]
[Result "1-0"]
[WhiteElo "2055"]
[BlackElo "1975"]

1. e4 c5 2. Nf3 d6 3. Bc4 e6 4. O-O a6 5. d4 b5 6. Bd3 h6 7. Be3 c4 8. Be2 Bb7
9. d5 exd5 10. exd5 Nf6 11. b4 Bxd5 12. a4 Nc6 13. Nc3 Nxb4 14. Rb1 Bxf3 15.
Bxf3 d5 16. Re1 Ne4 17. Nxe4 dxe4 18. Bxe4 Na2 19. Bc6+ 1-0

[Event "AUTO-OPEN-2700"]
[Site "http://www.queenalice.com/game.php?id=1065808"]
[Date "2012.5.30"]
[Round "1"]
[White "CapitanFerrini"]
[Black "joao"]
[Result "0-1"]
[WhiteElo "2085"]
[BlackElo "1985"]

1. e4 e5 2. Nf3 Nc6 3. Bb5 a6 4. Ba4 Nf6 5. d4 exd4 6. O-O Be7 7. e5 Nd5 8. c3
Nb6 9. Bb3 O-O 10. cxd4 d5 11. Nc3 Bg4 12. Qd3 Bxf3 13. Qxf3 Nxd4 14. Qd3 c5 15.
Bc2 Nxc2 16. Qxc2 d4 17. Ne4 Qd5 18. Nf6+ gxf6 19. Bh6 Rfd8 20. Qf5 Bf8 21. Qg4+
Kh8 22. Bxf8 Rxf8 23. exf6 Rg8 0-1

[Event "AUTO-OPEN-2700"]
[Site "http://www.queenalice.com/game.php?id=1065809"]
[Date "2012.5.30"]
[Round "1"]
[White "joao"]
[Black "CapitanFerrini"]
[Result "1-0"]
[WhiteElo "2005"]
[BlackElo "2065"]

1. d4 Nf6 2. c4 e6 3. Nc3 d5 4. a3 Nbd7 5. Bg5 Be7 6. e3 c5 7. Nf3 O-O 8. cxd5
exd5 9. Be2 c4 10. O-O Ne4 11. Bxe7 Qxe7 12. Nxd5 Qd6 13. Bxc4 b5 14. Ba2 Bb7
15. Nf4 Rad8 16. Qd3 a6 17. b4 Rfe8 18. Rac1 Nb6 19. Ne5 Rxe5 20. Bb1 Ree8 21.
f3 Nf6 22. Rc5 Nc4 23. Nh5 1-0

[Event "Challenge"]
[Site "http://www.queenalice.com/game.php?id=1094021"]
[Date "2012.8.17"]
[Round "-"]
[White "scaccomatto"]
[Black "CapitanFerrini"]
[Result "1-0"]
[WhiteElo "1884"]
[BlackElo "1985"]

1. e4 e5 2. Nf3 Nc6 3. Bb5 a6 4. Bxc6 dxc6 5. O-O Bg4 6. h3 Bh5 7. d3 h6 8. Nc3
f6 9. g4 Bf7 10. d4 Bd6 11. dxe5 fxe5 12. Qd3 Qf6 13. b3 O-O-O 14. Qe2 Be6 15.
Nh2 Qh4 16. Qf3 h5 17. Qg3 Qxg3+ 18. fxg3 hxg4 19. hxg4 Nf6 20. Bg5 Bc5+ 21. Kg2
Bd4 22. Bxf6 gxf6 23. Rf3 1-0

[Event "Challenge"]
[Site "http://www.queenalice.com/game.php?id=1098037"]
[Date "2012.8.30"]
[Round "-"]
[White "CapitanFerrini"]
[Black "jorm"]
[Result "1-0"]
[WhiteElo "1965"]
[BlackElo "1938"]

1. e4 e5 2. Nf3 Nc6 3. Bb5 Qf6 4. Nc3 Nge7 5. d3 h6 6. Ba4 a6 7. Bd2 b5 8. Bb3
Bb7 9. O-O Na5 10. Nd5 Nxd5 11. Bxd5 Nc6 12. Bc3 d6 13. d4 Rb8 14. Bxc6+ Bxc6
15. dxe5 Qg6 16. exd6 cxd6 17. Nh4 Qe6 18. Nf5 f6 19. Nd4 Qd7 20. Qh5+ Ke7 21.
Rad1 Kd8 22. Rd3 Bxe4 23. Ba5+ Ke7 24. Re1 Qb7 25. Rc3 Rc8 26. Rxc8 Qxc8 27.
Rxe4+ 1-0

[Event "giobetti-2"]
[Site "http://www.queenalice.com/game.php?id=1117151"]
[Date "2012.10.29"]
[Round "3"]
[White "axedre"]
[Black "CapitanFerrini"]
[Result "1-0"]
[WhiteElo "2002"]
[BlackElo "2079"]

1. e4 c5 2. Nc3 a6 3. g3 b5 4. Bg2 Bb7 5. d3 h5 6. Nge2 e6 7. O-O h4 8. Nf4 Qc7
9. Nh3 Nc6 10. Bg5 Be7 11. f4 b4 12. Ne2 hxg3 13. hxg3 Nf6 14. c3 a5 15. d4 cxd4
16. cxd4 Nxe4 17. Rc1 Qb6 18. Kh2 Nxg5 19. fxg5 Bxg5 20. Rc2 d5 21. Nf4 Bxf4 22.
Rxf4 b3 23. Rcf2 bxa2 24. b3 g5 25. Rxf7 Nxd4 26. Qa1 g4 27. Rxb7 Qxb7 28. Qxd4
Qxb3 29. Qxh8+ Kd7 30. Qg7+ Kd6 31. Nf4 Rg8 32. Qf6 Re8 33. Bxd5 1-0

[Event "Challenge"]
[Site "http://www.queenalice.com/game.php?id=1173568"]
[Date "2013.4.20"]
[Round "-"]
[White "waldi"]
[Black "CapitanFerrini"]
[Result "1-0"]
[WhiteElo "1957"]
[BlackElo "2045"]

1. d4 Nf6 2. Bg5 e6 3. e4 Be7 4. e5 Nd5 5. Bxe7 Nxe7 6. Nc3 d5 7. exd6 cxd6 8.
Bb5+ Bd7 9. Nf3 O-O 10. O-O a6 11. Bd3 Bc6 12. Ng5 Nf5 13. Bxf5 Qxg5 14. Be4 Nd7
15. f4 Qe7 16. Qh5 Bxe4 17. Nxe4 h6 18. Rae1 Rac8 19. c3 1-0

[Event "AUTO-OPEN-2695"]
[Site "http://www.queenalice.com/game.php?id=1177749"]
[Date "2013.5.2"]
[Round "3"]
[White "CapitanFerrini"]
[Black "Ronsini"]
[Result "0-1"]
[WhiteElo "2052"]
[BlackElo "2276"]

1. e4 d5 2. e5 c5 3. c3 Nc6 4. Nf3 Bg4 5. Be2 Bxf3 6. Bxf3 e6 7. d4 Qb6 8. dxc5
Bxc5 9. O-O Nxe5 10. Nd2 Nf6 11. b4 Bd6 12. Be2 Rc8 13. Bb2 O-O 14. a4 a5 15. b5
Rfd8 16. Nf3 Ne4 17. Rc1 Qc7 18. Qb3 Nxf3+ 19. Bxf3 Bxh2+ 0-1

[Event "AUTO-OPEN-2695"]
[Site "http://www.queenalice.com/game.php?id=1177750"]
[Date "2013.5.2"]
[Round "3"]
[White "Ronsini"]
[Black "CapitanFerrini"]
[Result "1-0"]
[WhiteElo "2270"]
[BlackElo "2060"]

1. e4 c5 2. Nf3 d6 3. d4 cxd4 4. Nxd4 Nf6 5. Nc3 a6 6. Bc4 b5 7. Bd3 e6 8. Be3
Be7 9. f4 O-O 10. Qf3 Bb7 11. O-O b4 12. Nce2 Nc6 13. Ng3 Nxd4 14. Bxd4 a5 15.
Rad1 Qc7 16. Qe2 Bc8 17. e5 Nd5 18. Qh5 g6 19. Qh6 Rd8 20. exd6 1-0